000 00600nam a2200205Ia 4500
005 20260429112012.0
008 260429s9999||||xx |||||||||||||| ||und||
020 _a9781032586649
041 _aEnglish
082 _a375
_bCRU
100 _aCruz, Christopher M.
245 0 _aCurriculum as confession :
_bthe promise of teaching for selfhood and truth /
_cChristopher M. Cruz
250 _a1st ed.
260 _aNew Delhi :
_bRoutledge,
_c2025.
300 _a164 p.; hb
650 _a Educational philosophy
650 _a Teaching and identity
650 _aCurriculum theory
942 _cTB
999 _c51831
_d51831